000 00802nam a2200229 a 4500
999 _c1965
_d1965
001 1965
003 BD-JhCC
005 20171031121624.0
008 171026s2005 bg |||| ||a| 000 0 ben d
020 _a9844104149
035 _a(BD-JhCC) 1965
040 _aBD-JhCC
_dBD-JhCC
041 _aeng
082 _a891.4409
_bABD 2005
245 _aআবদুল হক স্মৃতি-সঞ্চয় ২ :
_bচল্লিশ বছরের সাহিত্য পরিক্রমা /
_c সৈয়দ আজিজুল হক
260 _aঢাকা :
_bমাওলা ব্রাদার্স ঢাকা ,
_c2005
300 _a256 p .:
_c21 cm .
650 _aBengali literature
700 _aহক, সৈয়দ আজিজুল
942 _2ddc
_cBK